Statistics for Countries Bordering Doubly Landlocked Countries

Click here to take the quiz!

General Stats

  • This quiz has been taken 42 times
  • The average score is 7 of 7

Answer Stats

ghCountries% Correct
UzbekistanKazakhstan
100%
LiechtensteinAustria
97%
LiechtensteinSwitzerland
97%
UzbekistanKyrgyzstan
95%
UzbekistanAfghanistan
92%
UzbekistanTajikistan
92%
UzbekistanTurkmenistan
92%

Score Distribution

Percentile by Number Answered

Percent of People with Each Score

Your Score History

You have not taken this quiz